Coevolution of life on hosts : (Record no. 130362)

MARC details
000 -LEADER
fixed length control field 00928cam a2200289 i 4500
008 - FIXED-LENGTH DATA ELEMENTS--GENERAL INFORMATION
fixed length control field
020 ## - INTERNATIONAL STANDARD BOOK NUMBER
International Standard Book Number 9780226302133 (hbk.)
049 ## - LOCAL HOLDINGS (OCLC)
Holding library MAIN
090 ## - LOCALLY ASSIGNED LC-TYPE CALL NUMBER (OCLC); LOCAL CALL NUMBER (RLIN)
Classification number (OCLC) (R) ; Classification number, CALL (RLIN) (NR) QH372
Local cutter number (OCLC) ; Book number/undivided call number, CALL (RLIN) CLA
003 - CONTROL NUMBER IDENTIFIER
control field
005 - DATE AND TIME OF LATEST TRANSACTION
control field 20230123122240.0
040 ## - CATALOGING SOURCE
Transcribing agency NUST
100 1# - MAIN ENTRY--PERSONAL NAME
Personal name Clayton, Dale H.
245 10 - TITLE STATEMENT
Title Coevolution of life on hosts :
Remainder of title integrating ecology and history /
Statement of responsibility, etc. Dale H. Clayton, Sarah E. Bush, and Kevin P. Johnson
300 ## - PHYSICAL DESCRIPTION
Extent xiv, 294 p :
Other physical details ill (some col), maps (some col),16 plates ;
Dimensions 24 cm
490 1# - SERIES STATEMENT
Series statement Interspecific interactions
504 ## - BIBLIOGRAPHY, ETC. NOTE
Bibliography, etc. note Includes bibliographical references.
500 ## - GENERAL NOTE
General note Includes index.
650 #0 - SUBJECT ADDED ENTRY--TOPICAL TERM
Topical term or geographic name entry element Coevolution
650 #0 - SUBJECT ADDED ENTRY--TOPICAL TERM
Topical term or geographic name entry element Lice
650 #0 - SUBJECT ADDED ENTRY--TOPICAL TERM
Topical term or geographic name entry element Parasites
700 1# - ADDED ENTRY--PERSONAL NAME
Personal name Bush, Sarah Elizabeth,
Relator term author
700 1# - ADDED ENTRY--PERSONAL NAME
Personal name Johnson, Kevin P.,
Relator term author
830 #0 - SERIES ADDED ENTRY--UNIFORM TITLE
Uniform title Interspecific interactions
907 ## - LOCAL DATA ELEMENT G, LDG (RLIN)
a .b10377888
b 21-02-17
c 20-02-17
942 ## - ADDED ENTRY ELEMENTS (KOHA)
Koha item type Ordinary Loan Books
Call number prefix QH372
Call number suffix CLA
Holdings
Date last seen Total Checkouts Full call number Barcode Cost, replacement price Price effective from Koha item type Lost status Source of classification or shelving scheme Damaged status Not for loan Collection Withdrawn status Home library Current library Shelving location Date acquired Cost, normal purchase price
01/23/2023   QH372 CLA 92004042204 80.00 01/23/2023 BOOKS   LCC     NFIC   MAIN MAIN GEN 01/23/2023 80.00